00930 a2200181 4500020002700000020003000027090001500057100001600072245006400088250001200152260004700164300002900211520028900240856008200529942002800611999001900639952009000658 a0071135898 (hardcover) a9780071135894 (hardcover) c4402d44021 aPoe, Roy W.14aThe mcgraw-hill handbook of business letters /cRoy W. Poe. a3rd ed. a[S.l.] :bMcGraw-Hill Professional,c1994. a1 v. (unpaged) ;c24 cm. aA guide to the fundamentals of a business and personal writing style. Key rules of grammar are reviewed to facilitate correct structure, spelling and punctuation. Basic letter elements and formats are then described, and extensive examples of good and bad writing styles are provided.403Amazon.comuhttp://www.amazon.com/exec/obidos/ASIN/0071135898/chopaconline-20 aNBScBKk808.066651 POE c346847d346847 00104070aCLbCLd2013-08-28l0o808.066651 POEpNBS293r2016-04-21w2013-08-28yBK